00950cam a2200265 a 45000010008000000030012000080050017000200080041000370100017000780200015000950400022001100500023001320820021001551000028001762450090002042600059002943000074003535000034004275000020004616500033004817000028005149420012005429990017005549520113005711181970NUST - PNEC20170116181134.0970722s1998 njua b 001 0 eng  a 97034025  a0135705657 aDLCcLIBRARYdDLC00aTP155.7b.A53 199800a660.2812 TUR221 914144a Turton, Richard00aAnalysis, synthesis, and design of chemical processes /cRichard Turton ... [et al.]. aUpper Saddle River, N.J. :bPrentice Hall PTR,cc1998. axxv, 814 p. :bill. ;c25 cm. +e1 computer optical disc (4 3/4 in.) aFour folded plates in pocket. aIncludes index. 0aChemical processes.xGeneral1 aTurton, Richard,d1955- 2ddccBK c70122d70122 00102ddc4070aPNECbPNECcWING-Bd2015-10-07l0o660.2812 TURpPNECLIB-026445r2015-10-07w0000-00-00yBK